Les perles Doctissimo. - Statistiques

Statistiques générales
  • Ce quiz a été pris 118 fois
  • Le résultat moyen est 3 sur 10
Statistiques - réponses
Question Réponse % Correct
"Je suis enceinte de 6 mois et je me demande si... mon bébé peut tomber enceinte si je fais l'amour pendant ma grossesse ?
50%
"J'ai un problème de plus en plus gênant. Je ne peux m'empêcher... de péter quand je rigole. Ils sont sonores mais non odorant !
48%
"Voyez-vous, je m'adonne régulièrement une activité hors du commun. J'adore... macher du chewing-gum et le coller ensuite sur mon anus pour péter et faire une grosse bulle.
45%
"Comment je fais pour prendre une douche... sans noyer le bébé dans mon ventre ?
43%
"Bonjour, un ami m'a dit que je pouvais imbiber mon tampon... dans de la vodka pour ressentir plus vite les effets de l'alcool.
34%
"Je suis sur d'être un enfant adopté mais.... je pense que mes parents (adoptifs) ne le savent pas. Dois-je leur dire ?
28%
"Si j'allaite ma fille au sein... est-ce qu'elle risque de devenir lesbienne ?
23%
"Je voulais monter une entreprise, ma superbe idée était de faire des poupées gonflables... pour pédophiles.
20%
"Aidez-moi, j'ai une ... saucisse coincé dans le pénis... c'est très douloureux.
17%
"Je ne crois pas que ce soit une impression mais ma tête... retrecit bien. J'ai un corps normal mais une tête minuscule.
8%
Aucun quiz correspondant
Distribution des résultats
% des personnes avec chaque résultat
Percentile par nombre de réponses
Votre historique - résultats
Vous n’avez pas pris ce quiz